000 00730nam a2200265Ia 4500
005 20260302114659.0
008 008 260114s9999 xx 000 0 eng d
020 _a9781350375734
037 _aTextbook
040 _aCRL
040 _beng
040 _cCRL
041 _2eng
041 _aeng
084 _qCRL
100 _aJeffrey F. Keuss
_91119431
245 0 _aActivism and the Literary Self in 20th- and 21st-Century Literature Poetics of Justice
260 _bBloomsbury
260 _bBloomsbury Academic
260 _c2024
650 _aLiterary Studies
856 _uhttps://doi.org/10.5040/9781350375734?locatt=label:secondary_bloomsburyCollections
942 _cEBOOK
999 _c1683463
_d1683463